000 00682nam a22002057a 4500
008 130821s1944 it gr dfre
040 _aCo-BoUCM
_bspa
041 0 0 _afre
100 _aAvancinus, Nicolaus, S.J.
_9150423
245 0 0 _aVita et Doctrina D.N. Jesu Christi
_cNicolaus Avancinus
250 _a14.ed.
260 _aTurín (Italia)
_bDomus Editorialis Marietti
_c1944
300 _a482 páginas
600 _aJesucristo
_91986
600 _aJesucristo
_vBiografías
_91987
650 0 4 _aBiografías
_97343
650 0 4 _aLiteratura cristiana primitiva
_918635
942 _cLIBRO
_a4
_e1
_mA81
_n0
_2DEWEY
_h232.96
999 _c87350
_d87350